[Event "XXII Memorial Edoardo Crespi Internazionale"]
[Site "Milano ITA"]
[Date "2001.12.05"]
[Round "3"]
[White "Laketic, Gojko"]
[Black "Dalimeg, Alfredo"]
[Result "1-0"]
[WhiteElo "2452"]
[BlackElo "2141"]
[PlyCount "68"]
[EventDate "2001.12.03"]

1.d4 Nf6 2.c4 c5 3.Nf3 g6 4.Nc3 cxd4 5.Nxd4 Bg7 6.e4 d6 7.Be2 O-O 8.Be3 
Re8 9.O-O Bd7 10.Qb3 Qc8 11.Rac1 Nc6 12.Rfd1 Ng4 13.Nxc6 bxc6 14.Bg5 Rb8 
15.Qa3 Qb7 16.b3 h6 17.Bh4 Be6 18.c5 Be5 19.Bg3 Qb4 20.Qxb4 Rxb4 21.cxd6 
exd6 22.Bxg4 Bxg4 23.f3 Be6 24.Bxe5 dxe5 25.Na4 Rc8 26.Nc5 Rd4 27.Rxd4 
exd4 28.Kf2 Kg7 29.Ke2 Kf6 30.Kd3 Ke5 31.Nxe6 fxe6 32.Rc5+ Kf4 33.Ke2 d3+ 
34.Kf2 e5 1-0

[Event "XXII Memorial Edoardo Crespi Internazionale"]
[Site "Milano ITA"]
[Date "2001.12.05"]
[Round "3"]
[White "Lanzani, Mario"]
[Black "Lazic, Miroljub"]
[Result "1/2-1/2"]
[WhiteElo "2378"]
[BlackElo "2449"]
[PlyCount "38"]
[EventDate "2001.12.03"]

1.d4 d6 2.e4 g6 3.Nf3 Bg7 4.Be2 Nd7 5.O-O e6 6.c4 Ne7 7.Nc3 O-O 8.Re1 h6 
9.Bf1 e5 10.dxe5 dxe5 11.Be3 f5 12.exf5 gxf5 13.Nh4 c6 14.f4 e4 15.g3 b6 
16.Bd4 Nc5 17.Bxg7 Kxg7 18.Qxd8 Rxd8 19.Rad1 Be6 1/2-1/2

[Event "XXII Memorial Edoardo Crespi Internazionale"]
[Site "Milano ITA"]
[Date "2001.12.05"]
[Round "3"]
[White "Lapiccirella, Mattia"]
[Black "Bianchi, Alberto"]
[Result "1/2-1/2"]
[WhiteElo "2164"]
[BlackElo "2037"]
[PlyCount "59"]
[EventDate "2001.12.03"]

1.d4 e6 2.c4 Nf6 3.g3 d5 4.Bg2 Be7 5.Nf3 O-O 6.O-O dxc4 7.Qa4 a6 8.Qxc4 b5
9.Qc2 Bb7 10.Nbd2 Nbd7 11.a4 c5 12.Nb3 c4 13.Nbd2 Nb6 14.axb5 axb5 15.Rxa8
Qxa8 16.Re1 Nbd5 17.Bf1 Nb4 18.Qd1 Rd8 19.e3 Ne4 20.Be2 Nf6 21.Ne5 Na2 22.
Qc2 Bb4 23.Rf1 Rc8 24.f3 Nd5 25.Ne4 Nxc1 26.Qxc1 f6 27.Nd7 Kf7 28.Ndc5 Rd8
29.Kf2 h6 30.Nxb7 1/2-1/2

[Event "XXII Memorial Edoardo Crespi Internazionale"]
[Site "Milano ITA"]
[Date "2001.12.05"]
[Round "3"]
[White "Paragua, Mark"]
[Black "Maksimenko, Andrei"]
[Result "1/2-1/2"]
[WhiteElo "2447"]
[BlackElo "2495"]
[PlyCount "151"]
[EventDate "2001.12.03"]

1.e4 c5 2.Nf3 d6 3.d4 Nf6 4.Nc3 cxd4 5.Nxd4 Nc6 6.f3 e5 7.Nb3 Be6 8.Be3 d5
9.exd5 Nxd5 10.Nxd5 Qxd5 11.Qxd5 Bxd5 12.O-O-O O-O-O 13.Bb5 Kc7 14.c3 Be7 
15.Kb1 b6 16.Nd2 Be6 17.Nc4 f6 18.a4 Kb7 19.Nd2 Bf5+ 20.Ne4 Bg6 21.g4 h5 
22.Rxd8 Rxd8 23.Rg1 Bf8 24.h3 hxg4 25.hxg4 Ne7 26.Kc1 Nd5 27.Rd1 Be7 28.
Bf2 Nf4 29.Rxd8 Bxd8 30.b4 Ne6 31.Bc4 Nc7 32.Kd2 Be7 33.Kd3 Be8 34.Bb3 Bd7
35.b5 a6 36.a5 bxa5 37.b6 a4 38.Bc4 Nb5 39.Bc5 Bd8 40.Bf8 Bxb6 41.Bxg7 f5 
42.Nf6 e4+ 43.fxe4 fxe4+ 44.Kxe4 Nd6+ 45.Kd5 Be6+ 46.Kxe6 Nxc4 47.Bf8 a3 
48.Bxa3 Nxa3 49.g5 Be3 50.g6 Bh6 51.Ng4 Bg7 52.Kf7 Bh8 53.g7 Bxg7 54.Kxg7 
Kc6 55.Ne3 Kc5 56.Kf6 Nb1 57.Ke5 Nxc3 58.Nc2 Kc4 59.Kf4 Nb5 60.Ke4 a5 61.
Ne3+ Kb3 62.Kd3 Nd6 63.Nc2 a4 64.Kd2 Kb2 65.Kd3 Ne4 66.Ne3 Nd6 67.Nc2 Nb7 
68.Ne3 Nc5+ 69.Kd4 Kb3 70.Nc4 Kb4 71.Ne3 Ne6+ 72.Kd3 Kb3 73.Nc4 Nf4+ 74.
Kd4 Ne2+ 75.Kc5 Nf4 76.Kb5 1/2-1/2

[Event "XXII Memorial Edoardo Crespi Internazionale"]
[Site "Milano ITA"]
[Date "2001.12.05"]
[Round "3"]
[White "Podini, Francesco"]
[Black "Bonazzi, Edoardo"]
[Result "0-1"]
[WhiteElo "2085"]
[BlackElo "2110"]
[PlyCount "86"]
[EventDate "2001.12.03"]

1.e4 Nf6 2.e5 Nd5 3.c4 Nb6 4.c5 Nd5 5.Bc4 c6 6.Nc3 e6 7.a3 b6 8.cxb6 axb6 
9.d4 Ba6 10.Bxa6 Nxa6 11.Qg4 Nab4 12.Qe4 f5 13.Qb1 Na6 14.Nf3 Be7 15.Nxd5 
cxd5 16.b4 b5 17.O-O O-O 18.Bd2 Qb6 19.Rc1 Rfc8 20.Qb3 Rc4 21.Be3 Rac8 22.
Rxc4 Rxc4 23.Rc1 Qc6 24.Qb2 h6 25.h4 Kf7 26.g3 Nc7 27.Kg2 Na8 28.Ne1 Nb6 
29.Nd3 Na4 30.Qe2 Bf8 31.Qh5+ g6 32.Qf3 Rxc1 33.Bxc1 Qc3 34.Qe3 Nb6 35.Bb2
Qc2 36.Bc1 Nc4 37.Qf3 Qc3 38.g4 Qxd4 39.gxf5 exf5 40.Bf4 Qe4 41.Bc1 Bg7 
42.Nc5 Qxf3+ 43.Kxf3 Nxe5+ 0-1

[Event "XXII Memorial Edoardo Crespi Internazionale"]
[Site "Milano ITA"]
[Date "2001.12.05"]
[Round "3"]
[White "Scalcione, Michelangelo"]
[Black "Cazzaniga, Walter"]
[Result "1/2-1/2"]
[WhiteElo "2292"]
[BlackElo "2131"]
[PlyCount "132"]
[EventDate "2001.12.03"]

1.Nf3 Nf6 2.c4 c5 3.g3 g6 4.Bg2 Bg7 5.O-O O-O 6.Nc3 Nc6 7.d4 cxd4 8.Nxd4 
Ng4 9.e3 d6 10.b3 Nxd4 11.exd4 Nh6 12.Bb2 Nf5 13.Ne2 a6 14.b4 Rb8 15.a4 e6
16.Qb3 Re8 17.Rfd1 d5 18.c5 h5 19.b5 axb5 20.axb5 Bd7 21.Ra7 h4 22.Rda1 
hxg3 23.hxg3 Bf6 24.Qd3 Kg7 25.Rc1 Rh8 26.Ba3 Qe8 27.Rb1 Ne7 28.Bc1 Nc8 
29.Ra2 Ne7 30.Ra7 Nc8 31.Raa1 Ne7 32.Bf4 Ra8 33.Nc3 Nf5 34.Rxa8 Qxa8 35.
Ne2 Qa4 36.Be5 Bxe5 37.dxe5 Rc8 38.Nc3 Qd4 39.Qxd4 Nxd4 40.c6 bxc6 41.b6 
c5 42.f4 Rb8 43.Kf2 c4 44.Rb4 Kf8 45.g4 g5 46.Kg3 gxf4+ 47.Kxf4 Ke7 48.
Bxd5 exd5 49.Nxd5+ Kf8 50.Rxc4 Ne6+ 51.Kg3 Bb5 52.Rb4 Bc6 53.Nf6 Ke7 54.
Kf2 Kd8 55.Kg3 Kc8 56.Ng8 Kb7 57.Nh6 Be8 58.Nf5 Kc6 59.Nd6 Kd7 60.Rb1 Ke7 
61.Nf5+ Kf8 62.Rh1 Kg8 63.Ne7+ Kg7 64.Nf5+ Kg8 65.Ne7+ Kg7 66.Nf5+ Kg8 
1/2-1/2

[Event "XXII Memorial Edoardo Crespi Internazionale"]
[Site "Milano ITA"]
[Date "2001.12.05"]
[Round "3"]
[White "Tramalloni, Luca"]
[Black "Battistella, Stefano"]
[Result "1/2-1/2"]
[WhiteElo "2101"]
[BlackElo "2024"]
[PlyCount "75"]
[EventDate "2001.12.03"]

1.d4 d5 2.c4 e6 3.Nc3 Nf6 4.cxd5 exd5 5.Bg5 Be7 6.e3 c6 7.Qc2 Nbd7 8.Bd3 
O-O 9.Nge2 Re8 10.f3 Nf8 11.O-O g6 12.Rad1 Ne6 13.Bh4 Kg7 14.Kh1 Nh5 15.
Bf2 a6 16.Qd2 Kg8 17.e4 Bg5 18.Be3 Bxe3 19.Qxe3 Neg7 20.Qf2 f5 21.e5 Ne6 
22.f4 Nhg7 23.h3 Nf8 24.Rg1 b6 25.g4 Ra7 26.Rdf1 Rf7 27.Nd1 Kh8 28.Ne3 c5 
29.gxf5 gxf5 30.Kh2 Re6 31.Rxg7 Kxg7 32.Nxf5+ Kh8 33.Nd6 Rxd6 34.exd6 Qxd6
35.Rg1 Ne6 36.Qg3 Rg7 37.Qf2 Rxg1 38.Kxg1 1/2-1/2

[Event "XXII Memorial Edoardo Crespi Internazionale"]
[Site "Milano ITA"]
[Date "2001.12.05"]
[Round "3"]
[White "Valenti, Giuseppe"]
[Black "Pienabarca, Nicola"]
[Result "1-0"]
[WhiteElo "2206"]
[BlackElo "2044"]
[PlyCount "95"]
[EventDate "2001.12.03"]

1.e4 e6 2.d4 d5 3.Nd2 Nf6 4.e5 Nfd7 5.Bd3 c5 6.c3 Nc6 7.Ne2 cxd4 8.cxd4 f6
9.exf6 Qxf6 10.O-O Bd6 11.Nf3 h6 12.Bb1 O-O 13.Qd3 Rd8 14.g3 Nf8 15.Bf4 e5
16.dxe5 Bxe5 17.Nxe5 Nxe5 18.Bxe5 Qxe5 19.Nd4 Bg4 20.Bc2 Rac8 21.Rae1 Qf6 
22.f3 Rc4 23.Rd1 Bh5 24.Bb3 Rc7 25.Qf5 Qxf5 26.Nxf5 Bf7 27.Rfe1 Be6 28.Re5
Kf7 29.Nd4 Kf6 30.Nxe6 Nxe6 31.Rexd5 Rxd5 32.Rxd5 Rc1+ 33.Rd1 Rxd1+ 34.
Bxd1 Nc5 35.Bc2 Ke5 36.Kf2 Kd4 37.Ke2 Nd7 38.f4 Nf6 39.Kf3 b5 40.g4 Nd5 
41.g5 hxg5 42.fxg5 Ne3 43.Bb1 Nf1 44.h4 Ke5 45.Bd3 Nd2+ 46.Ke3 Nc4+ 47.
Bxc4 bxc4 48.h5 1-0

[Event "XXII Memorial Edoardo Crespi Internazionale"]
[Site "Milano ITA"]
[Date "2001.12.??"]
[Round "4"]
[White "Astengo, Corrado"]
[Black "Godena, Michele"]
[Result "0-1"]
[WhiteElo "2166"]
[BlackElo "2496"]
[PlyCount "58"]
[EventDate "2001.12.03"]

1.e4 e5 2.Nf3 Nc6 3.Nc3 Nf6 4.g3 d5 5.exd5 Nxd5 6.Bg2 Nxc3 7.bxc3 Bd6 8.
O-O O-O 9.d3 Bg4 10.Qd2 Qd7 11.Rb1 b6 12.Re1 Rae8 13.Bb2 f6 14.c4 Kh8 15.
h4 Bc5 16.Nh2 Bh5 17.Nf1 Rd8 18.Ne3 Nd4 19.Bxd4 Bxd4 20.Kh2 f5 21.Bh3 Bg6 
22.Rf1 Bc5 23.Rbe1 Qf7 24.Qd1 Bh5 25.Qa1 f4 26.Ng4 Bxg4 27.Bxg4 Bxf2 28.
Qxe5 Bxg3+ 29.Kh3 Bxe1 0-1

[Event "XXII Memorial Edoardo Crespi Internazionale"]
[Site "Milano ITA"]
[Date "2001.12.??"]
[Round "4"]
[White "Astengo, Marcello"]
[Black "Crippa, Gabriele"]
[Result "1-0"]
[WhiteElo "2076"]
[BlackElo "2118"]
[PlyCount "77"]
[EventDate "2001.12.03"]

1.d4 d5 2.Nf3 c5 3.c3 e6 4.Bf4 Nf6 5.e3 Bd6 6.Bg3 Nc6 7.Bd3 O-O 8.Nbd2 
cxd4 9.exd4 Qc7 10.O-O Bxg3 11.fxg3 e5 12.dxe5 Nxe5 13.Nxe5 Qxe5 14.Qc2 
Re8 15.Nf3 Qe3+ 16.Kh1 Qh6 17.Rae1 Bd7 18.Qf2 Be6 19.Bb5 Ne4 20.Qd4 Nxg3+ 
21.Kg1 Nxf1 22.Bxe8 Nxh2 23.Bxf7+ Bxf7 24.Nxh2 Qd6 25.Nf1 b6 26.Ne3 Re8 
27.Rd1 Qg3 28.Nf5 Qg6 29.Rf1 Re2 30.Rf2 Re1+ 31.Kh2 Qh5+ 32.Kg3 Qg5+ 33.
Kh2 Re4 34.Qd1 Be6 35.Kg1 h5 36.Nd4 Bg4 37.Qd2 Qe5 38.Rf1 Re3 39.Qf2 1-0

[Event "XXII Memorial Edoardo Crespi Internazionale"]
[Site "Milano ITA"]
[Date "2001.12.??"]
[Round "4"]
[White "Barlocco, Carlo"]
[Black "Tramalloni, Luca"]
[Result "0-1"]
[WhiteElo "2139"]
[BlackElo "2101"]
[PlyCount "84"]
[EventDate "2001.12.03"]

1.d4 Nf6 2.c4 e6 3.Nf3 c5 4.Nc3 cxd4 5.Nxd4 a6 6.e4 d6 7.Be2 Be7 8.O-O O-O
9.b3 Qc7 10.Bg5 Nbd7 11.Rc1 b6 12.Bd3 Bb7 13.Re1 Nc5 14.Bb1 h6 15.Bd2 Rfe8
16.Qf3 Bf8 17.Bxh6 Ncxe4 18.Nxe4 Nxe4 19.Bxe4 Bxe4 20.Rxe4 gxh6 21.Rce1 
Bg7 22.Qg3 Kh8 23.Nf5 Rg8 24.Nxg7 Rxg7 25.Qe3 Kh7 26.Rh4 Rg6 27.Rxh6+ Rxh6
28.Qe4+ Kg7 29.Qxa8 d5 30.h3 dxc4 31.Qxa6 c3 32.Qd3 Rh4 33.Rc1 Rc4 34.Rc2 
b5 35.Kf1 Qe5 36.a3 Kh8 37.Qe3 Qd5 38.Rc1 Rc8 39.b4 c2 40.Ke2 Qxg2 41.Qe5+
Kg8 42.Qxb5 Qe4+ 0-1

[Event "XXII Memorial Edoardo Crespi Internazionale"]
[Site "Milano ITA"]
[Date "2001.12.??"]
[Round "4"]
[White "Battistella, Stefano"]
[Black "Cavatorta, Fosco"]
[Result "1-0"]
[WhiteElo "2024"]
[BlackElo "2011"]
[PlyCount "79"]
[EventDate "2001.12.03"]

1.c4 Nc6 2.g3 e5 3.Bg2 g6 4.Nc3 Bg7 5.Rb1 a5 6.a3 f5 7.d3 d6 8.e3 Nf6 9.
Nge2 O-O 10.b4 axb4 11.axb4 Kh8 12.O-O Qe8 13.b5 Ne7 14.f4 Ra7 15.b6 cxb6 
16.Nb5 Ra2 17.Nxd6 Qd7 18.fxe5 Ne8 19.Nxe8 Rxe8 20.Bb2 Qc7 21.Qb3 Ra6 22.
d4 Nc6 23.Rfc1 Bd7 24.Nf4 Na5 25.Qd3 Qd8 26.Nd5 Bc6 27.Nf4 Bxg2 28.Kxg2 
Nc6 29.Rd1 Ra4 30.Qb3 Rb4 31.Qc3 Ra4 32.Qc2 Ra2 33.Qb3 Ra6 34.Kg1 Qc8 35.
Rdc1 Na5 36.Qd3 Qd7 37.Nd5 Qa4 38.Nc7 Rc8 39.Nxa6 Rxc4 40.Nc7 1-0

[Event "XXII Memorial Edoardo Crespi Internazionale"]
[Site "Milano ITA"]
[Date "2001.12.??"]
[Round "4"]
[White "Bianchi, Alberto"]
[Black "Scalcione, Michelangelo"]
[Result "0-1"]
[WhiteElo "2037"]
[BlackElo "2292"]
[PlyCount "70"]
[EventDate "2001.12.03"]

1.e4 e5 2.Nf3 d6 3.Be2 Nf6 4.Nc3 Be7 5.O-O O-O 6.d4 exd4 7.Nxd4 Re8 8.Bd3 
Nc6 9.Nxc6 bxc6 10.Ne2 Rb8 11.b3 c5 12.Ng3 Nd7 13.Bb2 Bf6 14.Bxf6 Qxf6 15.
Bb5 Rxb5 16.c4 Rb8 17.Qd2 Ne5 18.Qa5 Rb6 19.Qxa7 Bb7 20.Qa5 Nc6 21.Qd2 Nd4
22.Rae1 Ra6 23.f4 Rea8 24.Rf2 h6 25.e5 dxe5 26.fxe5 Qg6 27.a4 Rb6 28.Re3 
Bc6 29.Qd1 Rab8 30.a5 Rxb3 31.Rxb3 Rxb3 32.Nf5 Kh7 33.a6 Rb6 34.g4 Nf3+ 
35.Rxf3 Qxg4+ 0-1

[Event "XXII Memorial Edoardo Crespi Internazionale"]
[Site "Milano ITA"]
[Date "2001.12.??"]
[Round "4"]
[White "Bonazzi, Edoardo"]
[Black "Pienabarca, Nicola"]
[Result "1-0"]
[WhiteElo "2110"]
[BlackElo "2044"]
[PlyCount "71"]
[EventDate "2001.12.03"]

1.c4 c5 2.g3 e5 3.Nc3 Nc6 4.Bg2 g6 5.a3 Nge7 6.d3 Bg7 7.e3 O-O 8.Nge2 d6 
9.O-O Be6 10.Nd5 Qd7 11.Re1 Bh3 12.Bh1 Nxd5 13.cxd5 Ne7 14.Rb1 a5 15.b4 
axb4 16.axb4 b6 17.Qb3 Qa4 18.Qxa4 Rxa4 19.bxc5 bxc5 20.Nc3 Ra6 21.Bg2 
Bxg2 22.Kxg2 Rc8 23.Bd2 f5 24.e4 c4 25.dxc4 Rxc4 26.f3 Ra3 27.Rec1 Bf6 28.
Rb6 Rd4 29.Bh6 Bg7 30.Bg5 Bf8 31.Rxd6 fxe4 32.Nxe4 Kf7 33.Rf6+ Ke8 34.Nd6+
Kd7 35.Rxf8 Kxd6 36.Rd8# 1-0

[Event "XXII Memorial Edoardo Crespi Internazionale"]
[Site "Milano ITA"]
[Date "2001.12.??"]
[Round "4"]
[White "Cazzaniga, Walter"]
[Black "Lapiccirella, Mattia"]
[Result "1/2-1/2"]
[WhiteElo "2131"]
[BlackElo "2164"]
[PlyCount "86"]
[EventDate "2001.12.03"]

1.d4 Nf6 2.c4 c5 3.d5 g6 4.Nc3 Bg7 5.e4 d6 6.Bd3 O-O 7.h3 e6 8.Nf3 Re8 9.
O-O Na6 10.Re1 Nc7 11.a4 Na6 12.dxe6 Rxe6 13.Bg5 h6 14.Bf4 Nd7 15.Qd2 g5 
16.Bh2 Nb4 17.Bf1 Nc6 18.Nb5 Nde5 19.Nxe5 Bxe5 20.Bxe5 Nxe5 21.Rad1 Rg6 
22.Nxd6 Bxh3 23.Re3 Be6 24.Nf5 Qc7 25.b3 Rf6 26.Rh3 Bxf5 27.exf5 Qc8 28.f4
gxf4 29.Qxf4 Ng6 30.Qxh6 Qxf5 31.Bd3 Qg4 32.Re1 Qd4+ 33.Kh1 Rd8 34.Qh7+ 
Kf8 35.Bxg6 Rxg6 36.Rf1 Qg7 37.Qh4 Rd2 38.Rhf3 Rd7 39.Rxf7+ Qxf7 40.Rxf7+ 
Rxf7 41.Qh8+ Rg8 42.Qe5 b6 43.Kg1 Rg6 1/2-1/2

[Event "XXII Memorial Edoardo Crespi Internazionale"]
[Site "Milano ITA"]
[Date "2001.12.??"]
[Round "4"]
[White "Contedini, Ennio"]
[Black "Burani, Eugenio"]
[Result "1-0"]
[WhiteElo "2245"]
[BlackElo "2093"]
[PlyCount "74"]
[EventDate "2001.12.03"]

1.e4 c5 2.d4 cxd4 3.c3 dxc3 4.Nxc3 Nc6 5.Nf3 e6 6.Bc4 a6 7.O-O Nge7 8.Ng5 
Ng6 9.f4 Qb6+ 10.Kh1 Qd4 11.Qe2 b5 12.Bb3 Bc5 13.f5 Nge5 14.Bf4 Nd3 15.Bg3
Nce5 16.Nf3 Nxf3 17.Rxf3 Nxb2 18.Qxb2 b4 19.Na4 Qxb2 20.Nxb2 Bd4 21.Rb1 
Bb7 22.Nc4 O-O 23.Nd6 Bc6 24.Rd3 Bc3 25.Be1 Bxe1 26.Rxe1 a5 27.Bc4 Rab8 
28.Kg1 Rb6 29.Rb1 Rfb8 30.Kf2 Ba4 31.Rb2 Rc6 32.Bb3 Bxb3 33.axb3 exf5 34.
exf5 Kf8 35.Ra2 Rc3 36.Ke3 Rb6 37.Ne4 Rc1 1-0

[Event "XXII Memorial Edoardo Crespi Internazionale"]
[Site "Milano ITA"]
[Date "2001.12.??"]
[Round "4"]
[White "De Santis, Alessio"]
[Black "Valenti, Giuseppe"]
[Result "0-1"]
[WhiteElo "2345"]
[BlackElo "2206"]
[PlyCount "80"]
[EventDate "2001.12.03"]

1.d4 Nf6 2.c4 e6 3.g3 d5 4.Bg2 Be7 5.Nf3 O-O 6.O-O b6 7.Nc3 Bb7 8.Qc2 Na6 
9.a3 dxc4 10.Rd1 Qc8 11.e4 c5 12.e5 Nd5 13.Ne4 h6 14.Qxc4 cxd4 15.Qe2 d3 
16.Qxd3 Nc5 17.Nxc5 bxc5 18.Bd2 Qc7 19.Rac1 Rfd8 20.Qc4 Rac8 21.b4 cxb4 
22.Qg4 Nc3 23.Bxh6 Rxd1+ 24.Rxd1 Bf8 25.Re1 Qc4 26.Bf4 Ne2+ 27.Kh1 Nxf4 
28.gxf4 bxa3 29.Ng5 Bxg2+ 30.Kxg2 Be7 31.Ne4 a2 32.Nf6+ Bxf6 33.exf6 Qd5+ 
34.Kg1 g6 35.Qh3 Qd4 36.Qa3 Rc2 37.Rf1 Rxf2 38.Qe7 Rxf1+ 39.Kg2 Qe4+ 40.
Kh3 Rf3+ 0-1

[Event "XXII Memorial Edoardo Crespi Internazionale"]
[Site "Milano ITA"]
[Date "2001.12.??"]
[Round "4"]
[White "Drazic, Sinisa"]
[Black "Paragua, Mark"]
[Result "0-1"]
[WhiteElo "2471"]
[BlackElo "2447"]
[PlyCount "128"]
[EventDate "2001.12.03"]

1.d4 Nf6 2.Nc3 d5 3.Bg5 g6 4.Nf3 Bg7 5.Bxf6 exf6 6.e3 c6 7.Bd3 O-O 8.O-O 
Bg4 9.h3 Bxf3 10.Qxf3 f5 11.Ne2 Nd7 12.a4 Nf6 13.c4 dxc4 14.Bxc4 Ne4 15.
Rfd1 Qa5 16.Bd3 Nd2 17.Qf4 Rad8 18.Nc3 Nb3 19.Ra3 Qb6 20.Bf1 Na5 21.Rb1 c5
22.dxc5 Qxc5 23.b4 Qe7 24.Nb5 Nc6 25.Rab3 Be5 26.Qh6 Bb8 27.Na3 Ne5 28.f4 
Nd7 29.Nc4 Rfe8 30.a5 Nf6 31.Qh4 Qe6 32.R3b2 Ne4 33.Qe1 Qf6 34.Rc2 h5 35.
Rd1 g5 36.Bd3 gxf4 37.Bxe4 Rxe4 38.Rxd8+ Qxd8 39.Nd2 Re8 40.Nf1 fxe3 41.
Qe2 Qd4 42.Rc4 Qxc4 43.Qxc4 e2 44.Qc1 e1=Q 45.Qg5+ Kf8 46.Qh6+ Ke7 47.Qg5+
Ke6 48.Qh6+ Kd7 49.Qxh5 Qe6 50.Qf3 Kc8 51.b5 Bc7 52.a6 bxa6 53.bxa6 Qb6+ 
54.Kh1 Qxa6 55.Qxf5+ Qe6 56.Qf3 a5 57.Qa8+ Kd7 58.Qf3 f5 59.Qd3+ Kc8 60.
Qb5 Rd8 61.Qb1 a4 62.Qb4 Qe2 63.Qb1 Rd1 64.Qxf5+ Kb7 0-1

[Event "XXII Memorial Edoardo Crespi Internazionale"]
[Site "Milano ITA"]
[Date "2001.12.??"]
[Round "4"]
[White "Iudicello, Giovanni"]
[Black "Belotti, Bruno"]
[Result "0-1"]
[WhiteElo "2160"]
[BlackElo "2403"]
[PlyCount "98"]
[EventDate "2001.12.03"]

1.e4 c5 2.Nc3 e6 3.Nf3 a6 4.d4 cxd4 5.Nxd4 b5 6.Bd3 Qb6 7.Nb3 Qc7 8.O-O 
Bb7 9.Be3 Nf6 10.Nd2 d6 11.a3 Nbd7 12.Qe2 Be7 13.f4 O-O 14.Rae1 Nc5 15.Kh1
e5 16.fxe5 dxe5 17.Bxc5 Qxc5 18.Nb3 Qc7 19.Nd5 Nxd5 20.exd5 Bd6 21.c4 bxc4
22.Bxc4 f5 23.Rc1 Qd8 24.Rc3 a5 25.Rcf3 g6 26.Qf2 Rc8 27.Rc3 a4 28.Qa7 
Rxc4 29.Rxc4 Bxd5 30.Qxa4 Qb6 31.Rc3 Qb7 32.Rf2 Ra8 33.Na5 Qb6 34.Rd2 Rxa5
35.Rc8+ Kg7 36.Qd7+ Kh6 37.Rc3 Rc5 38.Rdd3 Rxc3 39.Rxc3 Bxg2+ 40.Kxg2 
Qxb2+ 41.Kf1 Qxc3 42.Qxd6 Qf3+ 43.Kg1 Qe3+ 44.Kf1 Kg5 45.Qe7+ Kf4 46.Qxh7 
g5 47.Qe7 e4 48.Qf8 Qh3+ 49.Kg1 Kf3 0-1

[Event "XXII Memorial Edoardo Crespi Internazionale"]
[Site "Milano ITA"]
[Date "2001.12.??"]
[Round "4"]
[White "Lamberger, Werner"]
[Black "Podini, Francesco"]
[Result "1-0"]
[WhiteElo "2050"]
[BlackElo "2085"]
[PlyCount "73"]
[EventDate "2001.12.03"]

1.c4 e5 2.g3 Nc6 3.Bg2 d6 4.Nc3 g6 5.e4 Bg7 6.Nge2 Be6 7.Nd5 Qd7 8.Rb1 
Nce7 9.d3 c6 10.Ne3 f5 11.O-O Nf6 12.b4 O-O 13.b5 d5 14.bxc6 bxc6 15.exd5 
cxd5 16.Ba3 Rfe8 17.Rb5 Rac8 18.Qb1 d4 19.Nd1 Nc6 20.Re1 Bf7 21.h3 g5 22.
Nb2 e4 23.Na4 Ne5 24.Nc5 Qd6 25.Ra5 Qc7 26.Rb5 Qd6 27.Ra5 Rb8 28.Qa1 Nf3+ 
29.Bxf3 exf3 30.Nb3 Qc7 31.Nexd4 Nh5 32.Rxe8+ Rxe8 33.Rxf5 Nxg3 34.Rxg5 
Bg6 35.Rxg3 Qf4 36.Bb2 Rf8 37.Ne6 1-0

[Event "XXII Memorial Edoardo Crespi Internazionale"]
[Site "Milano ITA"]
[Date "2001.12.??"]
[Round "4"]
[White "Lazic, Miroljub"]
[Black "Isonzo, David"]
[Result "1/2-1/2"]
[WhiteElo "2449"]
[BlackElo "2343"]
[PlyCount "38"]
[EventDate "2001.12.03"]

1.d4 Nf6 2.g3 g6 3.Bg2 Bg7 4.e4 d6 5.Nc3 O-O 6.Nge2 e5 7.h3 c6 8.a4 Re8 9.
O-O Na6 10.a5 exd4 11.Nxd4 Nc7 12.Kh2 d5 13.exd5 Ncxd5 14.Nxd5 Nxd5 15.a6 
Qb6 16.c3 Rb8 17.Qa4 Bxd4 18.cxd4 Qxa6 19.Qxa6 bxa6 1/2-1/2

[Event "XXII Memorial Edoardo Crespi Internazionale"]
[Site "Milano ITA"]
[Date "2001.12.??"]
[Round "4"]
[White "Maksimenko, Andrei"]
[Black "Lanzani, Mario"]
[Result "1-0"]
[WhiteElo "2495"]
[BlackElo "2378"]
[PlyCount "151"]
[EventDate "2001.12.03"]

1.Nf3 Nf6 2.c4 b6 3.d4 e6 4.e3 Bb7 5.Bd3 Be7 6.Nc3 d5 7.O-O Nbd7 8.cxd5 
exd5 9.b3 O-O 10.Bb2 Re8 11.Rc1 a6 12.Ne2 Bd6 13.Ng3 g6 14.Qc2 Rc8 15.Qe2 
Ra8 16.Rc2 Ne4 17.Rfc1 Nxg3 18.hxg3 f6 19.Nd2 Qe7 20.Qf3 Rab8 21.Re1 f5 
22.g4 fxg4 23.Qxg4 Nf6 24.Qh4 Ne4 25.Qxe7 Rxe7 26.Nb1 Rbe8 27.Rec1 Kg7 28.
Ba3 Bxa3 29.Nxa3 c6 30.Bxe4 Rxe4 31.Nb1 R4e7 32.Nd2 a5 33.Nf3 Kf6 34.a3 
Rc7 35.b4 axb4 36.axb4 Ke6 37.Ne5 Kd6 38.f4 Rec8 39.Kf2 Ba6 40.Ra2 Bb5 41.
g4 Rb7 42.Rb1 Rcb8 43.Kg3 c5 44.bxc5+ bxc5 45.dxc5+ Kxc5 46.Kh4 d4 47.Rc2+
Kd5 48.exd4 Kxd4 49.Rd1+ Ke3 50.Re1+ Kd4 51.Rd1+ Ke3 52.Kg3 h5 53.Re1+ Kd4
54.g5 Rb6 55.Rd1+ Ke3 56.Nf3 h4+ 57.Nxh4 Bc6 58.Re1+ Kd3 59.Rce2 Bd5 60.
Re5 Kd2 61.R1e2+ Kd3 62.Re1 Kd2 63.Kf2 Ba8 64.Re6 Rb3 65.R1e2+ Kd1 66.Re1+
Kd2 67.R6e2+ Kc3 68.Re3+ Kd4 69.Rd1+ Kc5 70.Nxg6 Rb2+ 71.Kg3 Rg2+ 72.Kh3 
Rbb2 73.Nh4 Rgf2 74.Kg3 Rfe2 75.Rxe2 Rxe2 76.g6 1-0

[Event "XXII Memorial Edoardo Crespi Internazionale"]
[Site "Milano ITA"]
[Date "2001.12.??"]
[Round "4"]
[White "Qendro, Llambi"]
[Black "Laketic, Gojko"]
[Result "0-1"]
[WhiteElo "2333"]
[BlackElo "2452"]
[PlyCount "73"]
[EventDate "2001.12.03"]

1.d4 e6 2.c4 f5 3.Nf3 Nf6 4.g3 Bb4+ 5.Bd2 Qe7 6.Bg2 Bxd2+ 7.Qxd2 d6 8.Nc3 
e5 9.dxe5 dxe5 10.e4 Nxe4 11.Nxe4 fxe4 12.Ng5 Bf5 13.O-O Nc6 14.Nxe4 O-O 
15.Qd5+ Kh8 16.Qc5 Qf7 17.Ng5 Qg6 18.Bxc6 bxc6 19.Nf3 Bh3 20.Nxe5 Qd6 21.
Qxd6 cxd6 22.Nxc6 Bxf1 23.Rxf1 Rfc8 24.Nd4 Rxc4 25.Rd1 Rb8 26.Rd2 Kg8 27.
Kf1 Re8 28.f3 Rc5 29.Ne2 Kf8 30.Nc3 Re6 31.Ne4 Ra5 32.b3 d5 33.Nc3 Rc5 34.
Na4 Rc1+ 35.Kf2 Ke7 36.b4 Rc3 37.Nxc3 0-1

[Event "XXII Memorial Edoardo Crespi Internazionale"]
[Site "Milano ITA"]
[Date "2001.12.??"]
[Round "4"]
[White "Rettore, Ludwig"]
[Black "Cebalo, Miso"]
[Result "0-1"]
[WhiteElo "2141"]
[BlackElo "2492"]
[PlyCount "52"]
[EventDate "2001.12.03"]

1.e4 c5 2.Nf3 d6 3.d4 cxd4 4.Nxd4 Nf6 5.Nc3 Nc6 6.Bg5 e6 7.Qd2 a6 8.O-O-O 
h6 9.Be3 Bd7 10.f4 b5 11.Bd3 Be7 12.Kb1 Qc7 13.h3 Na5 14.e5 dxe5 15.fxe5 
Qxe5 16.Rhe1 b4 17.Ne4 Nxe4 18.Bxe4 Qxe4 19.Nf5 Ba4 20.Nxg7+ Kf8 21.b3 Qg6
22.Bd4 Rh7 23.bxa4 Nc4 24.Nxe6+ fxe6 25.Qf4+ Kg8 26.Re2 Rc8 0-1

[Event "XXII Memorial Edoardo Crespi Internazionale"]
[Site "Milano ITA"]
[Date "2001.12.06"]
[Round "5"]
[White "Barberi, Alessandro"]
[Black "Astengo, Marcello"]
[Result "1-0"]
[WhiteElo "2136"]
[BlackElo "2076"]
[PlyCount "83"]
[EventDate "2001.12.03"]

1.d4 d5 2.c4 e6 3.Nf3 c6 4.e3 Nf6 5.Nbd2 Nbd7 6.Bd3 Be7 7.b3 O-O 8.Bb2 Re8
9.O-O Nf8 10.e4 dxe4 11.Nxe4 Qb6 12.Qc2 Rd8 13.Kh1 Bd7 14.Ne5 Nxe4 15.Bxe4
f6 16.Nxd7 Rxd7 17.Rad1 Rad8 18.g4 Kf7 19.f4 h5 20.f5 hxg4 21.fxe6+ Nxe6 
22.Bg6+ Kg8 23.Qe4 Nf8 24.Bf5 Rc7 25.Qxg4 Qa5 26.Be6+ Nxe6 27.Qxe6+ Kf8 
28.Rf5 Rd6 29.Qxe7+ Rxe7 30.Rxa5 b6 31.Rf5 Re2 32.Rb1 Rde6 33.Kg1 Rc2 34.
Rf2 Ree2 35.Rxe2 Rxe2 36.a4 Kf7 37.Bc3 Rc2 38.Be1 Ke6 39.Bf2 Kf5 40.Kg2 g5
41.Rd1 Ke6 42.Rd3 1-0

[Event "XXII Memorial Edoardo Crespi Internazionale"]
[Site "Milano ITA"]
[Date "2001.12.06"]
[Round "5"]
[White "Belotti, Bruno"]
[Black "Lazic, Miroljub"]
[Result "0-1"]
[WhiteElo "2403"]
[BlackElo "2449"]
[PlyCount "92"]
[EventDate "2001.12.03"]

1.c4 e5 2.Nc3 Nc6 3.g3 g6 4.Bg2 Bg7 5.e3 d6 6.Nge2 h5 7.d4 h4 8.d5 Nce7 9.
e4 Nf6 10.Bg5 Rh5 11.Qd2 Neg8 12.f4 exf4 13.gxf4 Rxg5 14.fxg5 Nh7 15.e5 h3
16.Be4 Bxe5 17.O-O-O Qxg5 18.Rdf1 Ngf6 19.Bd3 Bd7 20.Nf4 O-O-O 21.Rf3 Qh4 
22.Qf2 Qxf2 23.Rxf2 Ng4 24.Rff1 Ng5 25.Ne4 Nxe4 26.Bxe4 Ne3 27.Rf2 Nxc4 
28.Re1 Nxb2 29.Nd3 Nxd3+ 30.Bxd3 f5 31.Rf3 Rh8 32.Rg1 Rh6 33.Bf1 Bxh2 34.
Rh1 Be5 35.Rhxh3 Rxh3 36.Rxh3 c6 37.dxc6 bxc6 38.Ra3 Bd4 39.Kd2 g5 40.Rd3 
Be5 41.Ra3 Kb7 42.Rb3+ Kc7 43.Ra3 Bd4 44.Rh3 g4 45.Rh7 f4 46.Bd3 Kd8 0-1

[Event "XXII Memorial Edoardo Crespi Internazionale"]
[Site "Milano ITA"]
[Date "2001.12.06"]
[Round "5"]
[White "Burani, Eugenio"]
[Black "Battistella, Stefano"]
[Result "1/2-1/2"]
[WhiteElo "2093"]
[BlackElo "2024"]
[PlyCount "38"]
[EventDate "2001.12.03"]

1.e4 Nf6 2.e5 Nd5 3.d4 d6 4.Nf3 c6 5.c4 Nc7 6.Nc3 dxe5 7.Nxe5 g6 8.Be3 Nd7
9.Bd3 Nxe5 10.dxe5 Bg7 11.f4 Bf5 12.Bxf5 Qxd1+ 13.Rxd1 gxf5 14.O-O b6 15.
Ne2 f6 16.exf6 Bxf6 17.Bd4 Rf8 18.Rd3 Rd8 19.Rfd1 Ne6 1/2-1/2